Bảo tồn và phát huy di sản văn hoá Việt Nam
Nội dung sách giới thiệu chung những vấn đề lý luận về di sản văn hoá, khảo sát và mô tả khái quát, đánh giá hệ thống di sản văn hoá dân tộc Việt Nam để thấy rõ giá trị nỗi bật. phân tích những quan điểm và chính sách của Đẩng và nhà...
Gespeichert in:
| 1. Verfasser: | |
|---|---|
| Format: | Buch |
| Sprache: | Undetermined |
| Veröffentlicht: |
Hà Nội
Văn hóa Thông tin
2014
|
| Schlagworte: | |
| Tags: |
Tag hinzufügen
Keine Tags, Fügen Sie den ersten Tag hinzu!
|
| Thư viện lưu trữ: | Trung tâm Học liệu Trường Đại học Cần Thơ |
|---|
| LEADER | 01278nam a2200217Ia 4500 | ||
|---|---|---|---|
| 001 | CTU_206572 | ||
| 008 | 210402s9999 xx 000 0 und d | ||
| 020 | |c 87000 | ||
| 082 | |a 306.09597 | ||
| 082 | |b L406 | ||
| 100 | |a Nguyễn, Kim Loan | ||
| 245 | 0 | |a Bảo tồn và phát huy di sản văn hoá Việt Nam | |
| 245 | 0 | |c Nguyễn Kim Loan (chủ biên), Nguyễn Trường Tân | |
| 260 | |a Hà Nội | ||
| 260 | |b Văn hóa Thông tin | ||
| 260 | |c 2014 | ||
| 520 | |a Nội dung sách giới thiệu chung những vấn đề lý luận về di sản văn hoá, khảo sát và mô tả khái quát, đánh giá hệ thống di sản văn hoá dân tộc Việt Nam để thấy rõ giá trị nỗi bật. phân tích những quan điểm và chính sách của Đẩng và nhà nước về di sản văn hoá. Mô tả những kỹ năng nghiệp vụ cụ thể trong quản lý, bảo tồn và phát huy giá trị của di sản văn hoá. | ||
| 650 | |a Culture,Cultural property,Văn hoá,Di sản văn hoá | ||
| 650 | |z Vietnam,Vietnam,Việt Nam,Việt Nam | ||
| 904 | |i Qhieu | ||
| 980 | |a Trung tâm Học liệu Trường Đại học Cần Thơ | ||